The stricken peacock : (Record no. 42049)
[ view plain ]
| 000 -LEADER | |
|---|---|
| fixed length control field | 00928nam a2200265 a 4500 |
| 001 - CONTROL NUMBER | |
| control field | 42049 |
| 003 - CONTROL NUMBER IDENTIFIER | |
| rucl marc code | (BD-RJUL) |
| 005 - DATE AND TIME OF LATEST TRANSACTION | |
| control field | 20211209053503.0 |
| 008 - FIXED-LENGTH DATA ELEMENTS--GENERAL INFORMATION | |
| fixed length control field | 160609s1965 ne j b 001 0 eng d |
| 035 ## - SYSTEM CONTROL NUMBER | |
| System control number | (BD-RJUL) 42167 |
| 040 ## - CATALOGING SOURCE | |
| Original cataloging agency | DLC |
| Transcribing agency | TOL |
| Modifying agency | SER |
| -- | EQO |
| -- | (BD-RJUL) |
| Language of cataloging | eng |
| 041 ## - LANGUAGE CODE | |
| Language code of text/sound track or separate title | eng |
| 082 ## - DEWEY DECIMAL CLASSIFICATION NUMBER | |
| Edition number | 23 |
| Classification number | 959.1 |
| Author mark and year | HTS 1965 |
| 100 0# - MAIN ENTRY--PERSONAL NAME | |
| Personal name | Htin Aung, |
| 9 (RLIN) | 129280 |
| 245 14 - TITLE STATEMENT | |
| Title | The stricken peacock : |
| Remainder of title | Anglo-Burmese relations, 1752-1948 / |
| Statement of responsibility, etc. | by Maung Htin Aung. |
| 260 ## - PUBLICATION, DISTRIBUTION, ETC. (IMPRINT) | |
| Place of publication, distribution, etc. | The Hague : |
| Name of publisher, distributor, etc. | M. Nijhoff, |
| Date of publication, distribution, etc. | 1965. |
| 300 ## - PHYSICAL DESCRIPTION | |
| Pagination | xii, 135 p. : |
| Illustrations | geneal. table ; |
| Size | 25 cm. |
| 504 ## - BIBLIOGRAPHY, ETC. NOTE | |
| Bibliography, etc | Includes bibliography (p. [126]-127) and index. |
| 651 #0 - SUBJECT ADDED ENTRY--GEOGRAPHIC NAME | |
| Geographic name | Burma |
| General subdivision | Foreign relations |
| Geographic subdivision | Great Britain. |
| 9 (RLIN) | 129281 |
| Geographic name | Great Britain |
| General subdivision | Foreign relations |
| Geographic subdivision | Burma. |
| 9 (RLIN) | 129282 |
| Geographic name | Burma |
| General subdivision | History |
| Chronological subdivision | Konbaung dynasty, 1752-1885. |
| 9 (RLIN) | 129283 |
| Geographic name | Burma |
| General subdivision | History |
| Chronological subdivision | 1824-1948. |
| 9 (RLIN) | 129284 |
| 942 ## - ADDED ENTRY ELEMENTS (KOHA) | |
| Source of classification or shelving scheme | Dewey Decimal Classification |
| Koha item type | Books |
| Lost status | Source of classification or shelving scheme | Damaged status | Not for loan | Collection code | Permanent Location | Current Location | Shelving location | Date acquired | Source of acquisition | Cost, normal purchase price | Total Checkouts | Full call number | Date last seen | Copy number | Koha item type |
|---|---|---|---|---|---|---|---|---|---|---|---|---|---|---|---|
| Dewey Decimal Classification | Non-fiction | Central Library, University of Rajshahi | Central Library, University of Rajshahi | 08/11/1967 | Swets zeitlinger | 33.00 | 959.1 HTS 1965 | 09/06/2016 | C-2 | Books |